000
00319nam a22001457a 4500
003
SGT
082
_a
612
_b
G16B
100
_a
BARRETT, BIM E.
245
_a
GANONG'S REVIEW OF MEDICAL PHYSIOLOGY
250
_a
25TH
260
_a
INDIA
_b
MC GRAW HILL
_c
2016
300
_a
750
650
_a
HOMOEOPATHIC
942
_2
ddc
_c
BK
999
_c
18604
_d
18604